000 01223nam a2200313 i 4500
003 EG-GICUC
005 20260202233207.0
008 260202s1995 ua ||||| |||| 00| 0 ara d
020 _a977-041477-8
040 _a EG-GICUC
_bara
_c EG-GICUC
_d EG-GICUC
_erda
043 _aua#
082 0 4 _221
_a341.66
_bح ا . ت
092 0 4 _221
_a341.66
099 _aLaw1 11 341.66 ح ا . ت 1995
100 0 _aحازم حسن جمعة،
_eمؤلف.
245 _aتعويض أضرار الحرب فى القانون الدولى العام :
_bدراسة تطبيقية عن لجنة الأمم المتحدة لتعويضات الحرب العراقية الكويتية /
_cحازم حسن جمعة
264 _aالقاهرة :
_bدار النهضة العربية،
_c1995.
300 _a264 صفحة
_c24 سم
336 _2rda content
_atext
337 _2rda media
_aComputer
338 _2rda carrier
_aOnline Resource
500 _aيشتمل على إرجاعات ببليوجرافية
650 1 _aالقانون الحربى
_2qrmak
650 1 _aأضرار الحروب
651 1 _2qrmak
856 4 0 _uhttps://fll.law.cu.edu.eg/fulltext/bks/B11-04993.pdf
905 _a15
942 _2ddc
_cBK
_e21
_n0
999 _c60399
_d60399